000 00443nam a2200181Ia 4500
001 2523
005 20260306144813.0
008 260306t2016||||xx |||||||||||||| ||spa||
041 _aESP
082 _a616.8914
_bL25
100 _aLarchet, Jean Claude
_eAUT
245 0 _aTerapéutica de las enfermedades espirituales
260 _c2016
300 _a734 páginas :
_c24 cm.
650 _aGEN
654 _aCPS
942 _cLIB
_dJUS
_fJUS
_2ddc
_n
999 _c2523
_d2523